[Event "FIDE Zonal 2.5-W 2019"]
[Site "Montevideo"]
[Date "2019.04.15"]
[Round "4.5"]
[White "Perez Rodriguez, Jennifer"]
[Black "Reyes Jara, Paula"]
[Result "1-0"]
[WhiteElo "2237"]
[BlackElo "1926"]
[Annotator "TA"]
[PlyCount "95"]
[EventDate "2019.04.13"]
[EventType "swiss"]
[EventCountry "URU"]
[SourceTitle "playchess.com"]
[Source "ChessBase"]
[SourceQuality "1"]

{[%evp 13,95,43,51,35,52,11,52,52,49,52,57,18,21,27,43,9,79,72,75,81,126,125,126,128,134,125,120,126,126,130,142,131,135,127,162,162,159,159,161,164,177,175,174,158,162,143,171,167,167,167,167,163,302,253,227,183,157,149,191,97,93,105,458,456,456,452,451,446,446,446,431,370,622,606,595,568,1068,872,5632,5085,29988,29989,29991,29992]} 1. e4 e5 2. Nf3 Nc6 3. Bc4 Be7 4. d3 Nf6 5. O-O O-O 6. Re1 d6 7. a4 Bg4 8. h3 {C55: Two Knights: 4 d3, 4 d4 exd4 5 e5 and Max Lange Attack} Bh5 9. a5 (9. Nbd2 Nd4 10. g4 Nxf3+ 11. Qxf3 Bg6 12. Qg3 d5 13. exd5 Nxd5 14. Nf3 f6 15. Nxe5 fxe5 16. Qxe5 Bf7 17. Bxd5 Bxd5 18. Qxe7 Rf3 19. Qxd8+ Rxd8 20. Re5 Rxh3 21. Rh5 {½-½ (21) Wei,Y (2725)-Bu,X (2711) Ho Chi Minh City 2017}) 9... Nd4 $146 ({Predecessor:} 9... a6 10. Nbd2 Nd4 11. g4 Nxf3+ 12. Qxf3 Bg6 13. Nf1 Nd7 14. Be3 {½-½ (14) Dubkov,A (2283)-Galdunts,S (2415) Germany 2016}) 10. g4 {White is slightly better.} Nxf3+ $1 11. Qxf3 Bg6 12. Nd2 {[%cal Bb1d2,Bd2f1,Bf1e3,Be3d5][%mdl 32]} Nd7 13. Nf1 Bg5 14. Ne3 Qf6 (14... Nc5 $11) 15. Qxf6 $16 Nxf6 16. a6 Rab8 17. axb7 Rxb7 18. Nd5 $36 {[%mdl 2048] White is in control.} Bxc1 19. Nxf6+ gxf6 20. Rexc1 c6 21. Bb3 Kg7 22. f3 h5 23. Kf2 hxg4 24. hxg4 d5 25. Ra6 ({But not} 25. exd5 cxd5 26. Bxd5 Rxb2 $16) 25... Rc8 26. Rca1 Rcc7 27. R6a5 Kh6 28. Rh1+ Kg7 29. Kg3 Rb4 30. Rha1 Rbb7 31. Rc5 Kf8 32. exd5 Bxd3 (32... cxd5 {was necessary.} 33. Rxd5 Re7) 33. dxc6 Rb5 34. Rc3 Bg6 35. Rd1 Ke7 36. Rd7+ ({Better is} 36. Ba4 $18 Rxb2 37. Rd7+ Rxd7 38. cxd7) 36... Rxd7 37. cxd7 Kxd7 $2 {[%mdl 12288] Endgame KRB-KRB} (37... Rb4 $16 {is tougher.}) 38. Ba4 $18 a6 39. Rb3 {[%mdl 64] [#] Pin} Bxc2 40. Bxb5+ axb5 41. Rxb5 {KR-KB} Kc6 42. Rb8 {Black must now prevent Rc8+.} Kd5 $2 {[#]} (42... Bg6 43. Rf8 Kb6) 43. Rd8+ Ke6 44. b4 {[%cal Bb2b4,Bb4b5,Bb5b6,Bb6b7][%mdl 32]} f5 45. gxf5+ Kxf5 46. b5 e4 47. b6 exf3 48. b7 {Accuracy: White = 66%, Black = 34%.} 1-0

[Event "FIDE Zonal 2.5-W 2019"]
[Site "Montevideo"]
[Date "2019.04.15"]
[Round "4.6"]
[White "Gomez Barrera, Javiera Belen"]
[Black "Podesta, Sofia"]
[Result "1-0"]
[WhiteElo "2016"]
[BlackElo "1417"]
[Annotator "NA RC"]
[PlyCount "53"]
[EventDate "2019.04.13"]
[EventType "swiss"]
[EventCountry "URU"]
[SourceTitle "playchess.com"]
[Source "ChessBase"]
[SourceQuality "1"]
[TimeControl "40/5400+30:1800+30"]

{[%evp 27,52,87,32767,32767,32767,122,148,65,137,148,145,148,32767,67,131,150,275,254,302,32767,32767,365,448,481,525,561,575]} 1. e4 {[%emt 0:00:00]} e6 {[%emt 0:00:00]} 2. d4 {[%emt 0:00:00]} d5 {[%emt 0:00:00]} 3. Nc3 {[%emt 0:00:00]} dxe4 {[%emt 0:00:00]} 4. Nxe4 {[%emt 0:00:00]} Nd7 {[%emt 0:00:00]} 5. Nf3 {[%emt 0:00:10]} Ngf6 {[%emt 0:00:04]} 6. Bd3 {[%emt 0:00:50]} Nxe4 {[%emt 0:00:11]} 7. Bxe4 {[%emt 0:00:08]} Nf6 {[%emt 0:00:08]} 8. Bd3 {[%emt 0:00:08]} Bd6 {[%emt 0:00:06]} 9. Qe2 {[%emt 0:01:06] C10: French with 3 Nc3: Unusual Black 3rd moves and 3...dxe4} b6 {[%emt 0:04:13]} 10. Ne5 {[%emt 0:19:51]} Bb7 $146 {[%emt 0:05:31]} ({Predecessor (4):} 10... O-O 11. Bg5 Bb7 12. O-O-O Kh8 13. Kb1 Be7 14. Qe3 Kg8 15. Qh3 Ne4 16. Be3 Bg5 17. Bxg5 Nxg5 {1-0 (45) Rozenberg,D (2468)-Calugaru,V (2368) ICCF email 2008}) 11. Bb5+ {[%emt 0:03:23]} Ke7 {[%emt 0:01:12]} 12. Nc6+ {[%emt 0:11:20]} Bxc6 {[%emt 0:01:20]} 13. Bxc6 {[%emt 0:00:06]} Rb8 {[%emt 0:00:44]} 14. Qf3 {[%emt 0:03:19]} Qc8 {[%emt 0:03:58]} 15. O-O {[%emt 0:02:57]} Rd8 {[%emt 0:00:43]} 16. Bg5 {[%emt 0:01:40]} h6 {[%emt 0:00:36]} 17. Bd2 {[%emt 0:07:14]} ({Better is} 17. Bxf6+ $16 gxf6 18. Rfe1) 17... Kf8 {[%emt 0:00:26]} (17... Ng8 $1 $14) 18. Bxh6 $1 {[%emt 0:02:01]} Be7 {[%emt 0:03:07]} 19. Be3 {[%emt 0:02:48]} g6 {[%emt 0:00:31]} 20. Bh6+ $2 {[%emt 0:09:06]} (20. c4 $18) 20... Kg8 {[%emt 0:00:44]} 21. Rad1 {[%emt 0:00:38]} Kh7 {[%emt 0:00:09]} (21... b5 $16 {keeps fighting.} 22. Rfe1 Rb6) 22. Bf4 {[%emt 0:01:24]} Kg7 {[%emt 0:00:57]} 23. Be5 {[%emt 0:04:32]} Rh8 {[%emt 0:00:52]} 24. Rd3 {[%emt 0:03:08]} Qd8 {[%emt 0:01:47]} 25. Qf4 {[%emt 0:01:31]} Bd6 {[%emt 0:00:19]} 26. Rf3 {[%emt 0:00:42]} Bxe5 $18 {[%emt 0:00:25]} 27. dxe5 1-0

[Event "FIDE Zonal 2.5-W 2019"]
[Site "Montevideo"]
[Date "2019.04.15"]
[Round "4.7"]
[White "Silva Rosas, Natalia"]
[Black "Malan, Lucia"]
[Result "0-1"]
[WhiteElo "1809"]
[BlackElo "1877"]
[Annotator "NA RC"]
[PlyCount "96"]
[EventDate "2019.04.13"]
[EventType "swiss"]
[EventCountry "URU"]
[SourceTitle "playchess.com"]
[Source "ChessBase"]
[SourceQuality "1"]
[TimeControl "40/5400+30:1800+30"]

1. e4 {[%emt 0:00:00]} e5 {[%emt 0:03:12]} 2. d4 {[%emt 0:00:00]} exd4 {[%emt 0:00:18]} 3. c3 {[%emt 0:00:00]} dxc3 {[%emt 0:01:03]} 4. Nxc3 {[%emt 0:00:00]} Nc6 {[%emt 0:03:45]} 5. Nf3 {[%emt 0:03:20]} Be7 {[%emt 0:04:49]} 6. Bc4 {[%emt 0:19:22]} d6 {[%emt 0:06:17]} 7. h3 Nf6 {[%emt 0:02:29]} 8. O-O {[%emt 0:10:19]} O-O {[%emt 0:07:05] C50: Hungarian Defence and Giuoco Pianissimo} 9. Re1 {[%emt 0:02:43]} Ne5 {[%emt 0:07:13]} 10. Bb3 {[%emt 0:01:55]} c6 {[%emt 0:08:26]} 11. Ng5 $146 {[%emt 0:02:45]} ({Predecessor:} 11. Nd4 $11 Re8 12. f4 Ng6 {0-1 (37) Christensen,B (2240)-Picard,R (2339) Ballerup 2009}) 11... h6 12. f4 {[%emt 0:00:02]} hxg5 {[%emt 0:05:34]} 13. fxe5 {[%emt 0:02:15]} dxe5 {[%emt 0:05:20]} 14. Qf3 {[%emt 0:01:17]} g4 {[%emt 0:07:46]} 15. Qg3 {[%emt 0:01:59]} Qc7 {[%emt 0:01:59]} 16. hxg4 {[%emt 0:00:30]} Nxg4 {[%emt 0:00:30]} 17. Rf1 {[%emt 0:00:30]} Qd8 {[%emt 0:09:52]} 18. Be3 {[%emt 0:11:46]} Nxe3 {[%emt 0:11:38]} 19. Qxe3 {[%emt 0:00:02]} Qd4 {[%emt 0:01:58]} 20. Qxd4 {[%emt 0:01:24]} exd4 {[%emt 0:00:04]} 21. Ne2 {[%emt 0:00:21]} c5 {[%emt 0:01:00]} 22. Nf4 {[%emt 0:00:40]} Bd6 {[%emt 0:01:05]} 23. Ng6 {[%emt 0:00:41]} Be6 {[%emt 0:05:10]} 24. Bxe6 {[%emt 0:00:44]} fxe6 {[%emt 0:00:31]} 25. Nxf8 {[%emt 0:00:13]} Rxf8 {[%emt 0:00:07]} ({Black should play} 25... Bxf8 $17 26. Rf3 c4) 26. Rxf8+ {[%emt 0:00:47]} Kxf8 {[%emt 0:00:08]} 27. Rf1+ {[%emt 0:00:35]} Ke7 {[%emt 0:00:14]} 28. Kf2 {[%emt 0:00:16]} Be5 {[%emt 0:01:11]} 29. Ke2 {[%emt 0:00:23]} b5 {[%emt 0:04:56]} 30. b3 {[%emt 0:00:35]} (30. a4 $5) 30... Bc7 {[%emt 0:02:52]} (30... c4 $11 {remains equal.}) 31. Kd3 {[%emt 0:00:30]} Bb6 {[%emt 0:03:03]} 32. Rf3 {[%emt 0:01:03]} (32. a4 $18) 32... Bc7 {[%emt 0:02:38]} 33. Rf1 {[%emt 0:00:36]} Be5 {[%emt 0:00:51]} 34. Rf3 {[%emt 0:00:18]} Bf6 {[%emt 0:00:16]} 35. Rf1 {[%emt 0:00:36]} Kd6 {[%emt 0:00:21]} 36. Rc1 {[%emt 0:00:17]} Kc6 {[%emt 0:00:17]} 37. Rc2 {[%emt 0:01:30]} Kb6 {[%emt 0:00:57]} 38. Rc1 {[%emt 0:00:59]} e5 {[%emt 0:00:16]} 39. Rc2 {[%emt 0:00:46]} Bg5 {[%emt 0:01:06]} 40. Rf2 {[%emt 0:01:47]} Bf4 {[%emt 0:01:11]} 41. Rf3 {[%emt 0:30:35]} g5 $1 {[%emt 0:08:57]} 42. g4 {[%emt 0:01:47]} a5 $2 {[%emt 0:01:43] [#]} (42... Ka5 $1 $11) 43. Rf1 $2 {[%emt 0:02:11]} ({White has to play} 43. a4 $1 $18) 43... a4 {[%emt 0:00:48]} 44. Rb1 {[%emt 0:01:19]} Ka5 {[%emt 0:00:25]} 45. Kc2 $2 {[%emt 0:03:57]} (45. b4+ $17 cxb4 46. Kc2) 45... Kb4 {[%emt 0:01:56]} 46. Kb2 {[%emt 0:08:43]} axb3 {[%emt 0:02:17]} 47. axb3 d3 {[%emt 0:00:23]} 48. Ra1 {[%emt 0:06:59]} c4 {[%emt 0:00:29]} 0-1

[Event "FIDE Zonal 2.5-W 2019"]
[Site "Montevideo"]
[Date "2019.04.16"]
[Round "5.1"]
[White "Vargas, Gabriela"]
[Black "Zuriel, Marisa"]
[Result "1-0"]
[WhiteElo "2130"]
[BlackElo "2153"]
[Annotator "NA"]
[PlyCount "141"]
[EventDate "2019.04.13"]
[EventType "swiss"]
[EventCountry "URU"]
[SourceTitle "playchess.com"]
[Source "ChessBase"]
[SourceQuality "1"]
[TimeControl "40/5400+30:1800+30"]

1. d4 {[%emt 0:04:54]} Nf6 {[%emt 0:00:00]} 2. Nf3 {[%emt 0:00:31]} g6 {[%emt 0:00:16]} 3. Bg5 {[%emt 0:00:12]} Bg7 {[%emt 0:00:17]} 4. Nbd2 O-O {[%emt 0:00:39]} 5. c3 {[%emt 0:00:25]} d6 {[%emt 0:00:08]} 6. e4 {[%emt 0:00:09]} c5 {[%emt 0:00:14]} 7. dxc5 {[%emt 0:00:07]} dxc5 {[%emt 0:00:05]} 8. Be2 {[%emt 0:00:15]} Nc6 {[%emt 0:03:37]} 9. O-O {[%emt 0:00:12]} h6 {[%emt 0:05:21]} 10. Be3 {[%emt 0:00:12]} b6 {[%emt 0:00:41]} 11. h3 {[%emt 0:02:02]} Qc7 {[%emt 0:07:13]} 12. Qc2 {[%emt 0:01:54]} e5 {[%emt 0:07:45]} 13. Rfd1 {[%emt 0:08:01]} Bb7 {[%emt 0:02:11]} 14. Nh2 {[%emt 0:09:06]} Rfd8 {[%emt 0:02:49]} 15. Ndf1 {[%emt 0:12:54]} Kh7 {[%emt 0:30:55]} 16. Ng3 {[%emt 0:05:41]} Na5 {[%emt 0:05:21]} 17. f3 {[%emt 0:04:19]} Bf8 {[%emt 0:03:21]} 18. b3 {[%emt 0:06:33]} Qe7 {[%emt 0:00:34]} 19. Rxd8 {[%emt 0:00:50]} Rxd8 {[%emt 0:00:04]} 20. Rd1 {[%emt 0:00:07]} Rxd1+ {[%emt 0:03:15]} 21. Qxd1 {[%emt 0:00:37]} Ne8 {[%emt 0:00:49]} 22. Nhf1 {[%emt 0:07:05]} Nd6 {[%emt 0:07:36]} 23. Qc2 {[%emt 0:00:58]} h5 {[%emt 0:01:17]} 24. Bc1 {[%emt 0:08:46]} Qh4 {[%emt 0:07:34]} 25. Kh2 {[%emt 0:04:58]} Bg7 {[%emt 0:05:20]} 26. Bd2 {[%emt 0:09:48]} Nc6 {[%emt 0:00:52]} 27. Ne3 {[%emt 0:02:21]} Bh6 {[%emt 0:03:58]} 28. Nd5 {[%emt 0:06:26]} Bf4 {[%emt 0:00:06]} 29. Nxf4 {[%emt 0:01:46]} exf4 {[%emt 0:00:03]} 30. Nh1 {[%emt 0:01:16]} Qf6 {[%emt 0:00:43]} 31. Nf2 {[%emt 0:01:03]} Ne5 {[%emt 0:00:04]} 32. Qc1 {[%emt 0:00:20]} g5 {[%emt 0:00:32]} 33. Nd3 {[%emt 0:00:10]} Qe7 {[%emt 0:02:08]} 34. Nxe5 {[%emt 0:00:15]} Qxe5 {[%emt 0:00:02]} 35. c4 {[%emt 0:00:26]} f6 {[%emt 0:01:00]} 36. Bc3 {[%emt 0:00:23]} Qe7 {[%emt 0:00:04]} 37. Qd2 {[%emt 0:01:09]} Nf7 {[%emt 0:00:36]} 38. h4 {[%emt 0:01:14]} Kg6 {[%emt 0:00:51]} 39. hxg5 {[%emt 0:00:23]} fxg5 {[%emt 0:00:13]} 40. Bb2 {[%emt 0:00:58]} Ne5 {[%emt 0:00:50]} 41. Qc3 {[%emt 0:30:38]} Kf6 {[%emt 0:11:25]} 42. g3 {[%emt 0:00:00]} fxg3+ {[%emt 0:01:16]} 43. Kxg3 {[%emt 0:00:00]} h4+ {[%emt 0:03:33]} 44. Kf2 {[%emt 0:00:00]} Qd6 {[%emt 0:00:07]} 45. Bf1 {[%emt 0:00:00]} Ke6 {[%emt 0:05:52]} 46. Ke3 {[%emt 0:00:00]} Qd4+ {[%emt 0:10:40]} 47. Qxd4 {[%emt 0:00:00]} cxd4+ {[%emt 0:00:01]} 48. Bxd4 {[%emt 0:00:00]} Ng6 {[%emt 0:00:03]} 49. Bh3+ {[%emt 0:00:00]} Kf7 {[%emt 0:01:31]} 50. Bf1 {[%emt 0:00:00]} Nf4 {[%emt 0:00:25]} 51. Be5 {[%emt 0:00:00]} Ne6 {[%emt 0:00:35]} 52. Bh3 {[%emt 0:00:00]} Nd8 {[%emt 0:00:22]} 53. Bd6 {[%emt 0:00:00]} Bc6 {[%emt 0:00:38]} 54. Bb8 {[%emt 0:00:00]} a6 {[%emt 0:00:25]} 55. Bc7 {[%emt 0:00:00]} Ne6 {[%emt 0:00:07]} 56. Bxe6+ {[%emt 0:00:00]} Kxe6 {[%emt 0:00:01]} 57. Bxb6 {[%emt 0:00:00]} Be8 {[%emt 0:00:29]} 58. Bc7 {[%emt 0:00:00]} Bh5 {[%emt 0:00:13]} 59. Bb8 {[%emt 0:02:23]} g4 {[%emt 0:00:18]} 60. fxg4 {[%emt 0:00:19]} Bxg4 {[%emt 0:00:01]} 61. b4 {[%emt 0:00:28]} Bd1 {[%emt 0:00:06]} 62. Kd4 {[%emt 0:00:24]} Be2 {[%emt 0:01:27]} 63. Kc5 {[%emt 0:00:25]} Bd3 {[%emt 0:00:03]} 64. Kd4 {[%emt 0:00:30]} Bc2 {[%emt 0:00:17]} 65. b5 {[%emt 0:00:30]} axb5 {[%emt 0:00:04]} 66. cxb5 {[%emt 0:00:04]} Ba4 {[%emt 0:00:09]} 67. Kc5 {[%emt 0:00:15]} Bc2 {[%emt 0:00:09]} 68. Bh2 {[%emt 0:00:50]} Bxe4 {[%emt 0:00:08]} 69. a4 {[%emt 0:00:19]} Kd7 {[%emt 0:00:10]} 70. Kb6 {[%emt 0:00:36]} Kc8 {[%emt 0:00:32]} 71. Ka7 {[%emt 0:00:20]} 1-0

[Event "FIDE Zonal 2.5-W 2019"]
[Site "Montevideo"]
[Date "2019.04.16"]
[Round "5.2"]
[White "Amura, Claudia"]
[Black "Perez Rodriguez, Jennifer"]
[Result "0-1"]
[WhiteElo "2260"]
[BlackElo "2237"]
[Annotator "NA"]
[PlyCount "104"]
[EventDate "2019.04.13"]
[EventType "swiss"]
[EventCountry "URU"]
[SourceTitle "playchess.com"]
[Source "ChessBase"]
[SourceQuality "1"]
[TimeControl "40/5400+30:1800+30"]

1. d4 {[%emt 0:00:00]} d5 {[%emt 0:02:43]} 2. Bg5 {[%emt 0:00:00]} f6 {[%emt 0:00:11]} 3. Bh4 {[%emt 0:00:00]} Nh6 {[%emt 0:00:50]} 4. f4 {[%emt 0:02:44]} Nf5 {[%emt 0:06:12]} 5. Bf2 {[%emt 0:00:11]} e6 {[%emt 0:01:27]} 6. Nf3 {[%emt 0:02:33]} c5 {[%emt 0:03:33]} 7. e3 {[%emt 0:12:01]} Qb6 {[%emt 0:06:47]} 8. Qc1 {[%emt 0:01:39]} Bd7 {[%emt 0:02:42]} 9. Bd3 Bb5 {[%emt 0:09:15]} 10. O-O {[%emt 0:17:00]} c4 {[%emt 0:02:31]} 11. Be2 {[%emt 0:01:02]} Nd6 {[%emt 0:01:37]} 12. c3 {[%emt 0:01:54]} Nd7 {[%emt 0:02:16]} 13. Nbd2 {[%emt 0:01:31]} Rc8 {[%emt 0:09:02]} 14. Qc2 {[%emt 0:01:23]} f5 {[%emt 0:02:02]} 15. Kh1 Nf6 {[%emt 0:06:04]} 16. Ne5 {[%emt 0:04:44]} Nde4 {[%emt 0:02:31]} 17. Bh4 {[%emt 0:02:18]} Bd6 {[%emt 0:04:25]} 18. Ndf3 {[%emt 0:00:45]} O-O {[%emt 0:01:53]} 19. Rg1 {[%emt 0:03:40]} Be8 {[%emt 0:02:41]} 20. g4 {[%emt 0:01:31]} Nxg4 {[%emt 0:01:37]} 21. Nxg4 {[%emt 0:00:56]} fxg4 {[%emt 0:00:05]} 22. Rxg4 Bg6 {[%emt 0:03:37]} 23. Qc1 {[%emt 0:05:19]} Bf5 {[%emt 0:01:31]} 24. Rg1 {[%emt 0:01:13]} Qc7 {[%emt 0:01:23]} 25. Qf1 {[%emt 0:01:24]} b5 {[%emt 0:00:33]} 26. a3 {[%emt 0:01:01]} a5 {[%emt 0:00:12]} 27. Be1 {[%emt 0:03:06]} b4 {[%emt 0:07:10]} 28. axb4 {[%emt 0:00:15]} axb4 {[%emt 0:00:01]} 29. Ng5 {[%emt 0:00:13]} Nxg5 30. Rxg5 {[%emt 0:00:05]} b3 {[%emt 0:03:15]} 31. Bg4 {[%emt 0:01:45]} Bxg4 {[%emt 0:03:52]} 32. Rxg4 {[%emt 0:00:04]} Ra8 {[%emt 0:00:50]} 33. Rb1 {[%emt 0:01:01]} Qf7 {[%emt 0:00:39]} 34. Qg2 {[%emt 0:07:11]} Ra7 {[%emt 0:00:21]} 35. Bh4 {[%emt 0:03:04]} Rfa8 {[%emt 0:01:03]} 36. Rg1 {[%emt 0:01:04]} g6 {[%emt 0:03:19]} 37. e4 {[%emt 0:01:06]} Ra1 {[%emt 0:04:57]} 38. Be1 {[%emt 0:00:29]} dxe4 {[%emt 0:01:58]} 39. h4 {[%emt 0:02:25]} R1a5 {[%emt 0:02:10]} 40. Qxe4 {[%emt 0:01:53]} Qf5 {[%emt 0:00:37]} 41. Qe2 {[%emt 0:35:34]} Qd5+ {[%emt 0:31:31]} 42. R1g2 {[%emt 0:01:54]} Be7 {[%emt 0:00:00]} 43. Kg1 {[%emt 0:00:00]} Kf7 {[%emt 0:00:00]} 44. h5 {[%emt 0:00:00]} Rg8 {[%emt 0:00:00]} 45. R4g3 {[%emt 0:00:00]} Qc6 {[%emt 0:00:00]} 46. Rh3 {[%emt 0:00:00]} gxh5 {[%emt 0:00:00]} 47. Rxg8 {[%emt 0:00:00]} Kxg8 {[%emt 0:00:00]} 48. Rxh5 {[%emt 0:00:00]} Rxh5 {[%emt 0:00:00]} 49. Qxh5 {[%emt 0:00:00]} Qe4 {[%emt 0:00:00]} 50. Qe8+ {[%emt 0:03:05]} Bf8 {[%emt 0:00:00]} 51. Bd2 {[%emt 0:00:14]} Qe2 {[%emt 0:00:00]} 52. f5 {[%emt 0:01:48]} Qd1+ {[%emt 0:00:00]} 0-1

[Event "FIDE Zonal 2.5-W 2019"]
[Site "Montevideo"]
[Date "2019.04.16"]
[Round "5.3"]
[White "Sarquis, Maria Belen"]
[Black "Fernandez, Maria Florencia"]
[Result "0-1"]
[WhiteElo "2141"]
[BlackElo "2227"]
[Annotator "NA"]
[PlyCount "104"]
[EventDate "2019.04.13"]
[EventType "swiss"]
[EventCountry "URU"]
[SourceTitle "playchess.com"]
[Source "ChessBase"]
[SourceQuality "1"]
[TimeControl "40/5400+30:1800+30"]

1. e4 {[%emt 0:10:12]} d6 {[%emt 0:02:30]} 2. d4 {[%emt 0:00:07]} Nf6 {[%emt 0:00:09]} 3. Nc3 {[%emt 0:00:06]} g6 {[%emt 0:00:05]} 4. f4 {[%emt 0:00:16]} Bg7 {[%emt 0:00:09]} 5. Nf3 {[%emt 0:00:06]} O-O {[%emt 0:00:13]} 6. Bd3 {[%emt 0:00:07]} Nc6 {[%emt 0:00:35]} 7. e5 {[%emt 0:00:21]} dxe5 {[%emt 0:00:25]} 8. fxe5 {[%emt 0:00:09]} Nh5 {[%emt 0:00:12]} 9. Be3 {[%emt 0:00:25]} Bg4 {[%emt 0:00:39]} 10. Be2 {[%emt 0:00:14]} f6 {[%emt 0:00:14]} 11. exf6 {[%emt 0:00:15]} exf6 {[%emt 0:00:04]} 12. Qd2 {[%emt 0:02:06]} Re8 {[%emt 0:07:26]} 13. O-O-O Ne7 14. Nh4 {[%emt 0:20:22]} Bxe2 {[%emt 0:09:59]} 15. Qxe2 {[%emt 0:00:51]} Nd5 {[%emt 0:00:37]} 16. Qc4 {[%emt 0:02:31]} c6 {[%emt 0:02:21]} 17. Bd2 {[%emt 0:02:12]} Kh8 {[%emt 0:06:15]} 18. Rhe1 {[%emt 0:06:42]} Qd7 {[%emt 0:09:50]} 19. Nf3 {[%emt 0:02:51]} Nhf4 {[%emt 0:04:00]} 20. g3 {[%emt 0:06:12]} b5 {[%emt 0:20:48]} 21. Qf1 {[%emt 0:02:11]} Nxc3 {[%emt 0:00:19]} 22. Bxc3 {[%emt 0:00:07]} Nd5 {[%emt 0:00:14]} 23. Bd2 {[%emt 0:00:26]} Nb6 {[%emt 0:01:09]} 24. Kb1 {[%emt 0:01:01]} Nc4 {[%emt 0:00:57]} 25. Bc1 {[%emt 0:00:08]} a5 {[%emt 0:03:19]} 26. Rxe8+ {[%emt 0:06:23]} Rxe8 {[%emt 0:02:36]} 27. Re1 {[%emt 0:00:19]} a4 {[%emt 0:07:19]} 28. Rxe8+ {[%emt 0:04:48]} Qxe8 {[%emt 0:00:01]} 29. Qe1 {[%emt 0:00:10]} Qd7 {[%emt 0:02:02]} 30. b3 {[%emt 0:06:31]} axb3 {[%emt 0:00:43]} 31. axb3 {[%emt 0:00:06]} Nb6 {[%emt 0:03:49]} 32. Qa5 {[%emt 0:00:48]} Nc8 {[%emt 0:00:48]} 33. Ba3 {[%emt 0:02:39]} Kg8 {[%emt 0:02:08]} 34. Bc5 {[%emt 0:02:37]} Bf8 {[%emt 0:00:37]} 35. Qb4 Bxc5 {[%emt 0:00:32]} 36. Qxc5 {[%emt 0:01:25]} Ne7 {[%emt 0:00:13]} 37. Nd2 {[%emt 0:04:27]} Qe6 {[%emt 0:00:57]} 38. Kb2 {[%emt 0:03:20]} Nd5 {[%emt 0:04:15]} 39. c4 {[%emt 0:04:50]} bxc4 {[%emt 0:00:06]} 40. bxc4 {[%emt 0:08:06]} Ne3 {[%emt 0:00:55]} 41. Kb3 {[%emt 0:16:13]} Qg4 {[%emt 0:04:03]} 42. Ka4 {[%emt 0:01:31]} Qe2 {[%emt 0:06:39]} 43. Nb3 {[%emt 0:03:13]} Nxc4 {[%emt 0:00:58]} 44. Qxc6 {[%emt 0:00:11]} Qa2+ {[%emt 0:00:09]} 45. Kb4 {[%emt 0:01:15]} Qxb3+ {[%emt 0:00:04]} 46. Kc5 {[%emt 0:00:09]} Nd2 {[%emt 0:05:18]} 47. Qe8+ {[%emt 0:01:20]} Kg7 {[%emt 0:00:11]} 48. d5 {[%emt 0:01:20]} Qc4+ {[%emt 0:01:33]} 49. Kd6 {[%emt 0:00:17]} Ne4+ {[%emt 0:01:18]} 50. Ke6 {[%emt 0:01:58]} Ng5+ {[%emt 0:00:44]} 51. Kd6 {[%emt 0:00:17]} Nf7+ {[%emt 0:00:34]} 52. Ke7 {[%emt 0:01:05]} Qc5+ {[%emt 0:00:08]} 0-1